| 000 | 00674nam a22001697a 4500 | ||
|---|---|---|---|
| 005 | 20100804122642.0 | ||
| 010 | _aENG-98128 | ||
| 035 | _aEN-81661 | ||
| 037 | _bDBAD/PUB | ||
| 082 | _a343.5409946 | ||
| 245 | _aThe cable television networks (regulation) act, 1995 / | ||
| 260 |
_aDelhi _bUniversal Law Publishing _c2010 |
||
| 270 |
_aC-FF-1A, Dilkhush Industrial Estate,(Opp. Hans Cinema, Azadpur) G.T. Karnal Road _bDelhi _e110033 |
||
| 300 | i |
_aiii, 44p. _c24cm (pbk) |
|
| 942 |
_2ddc _cEN _h343.5409946 _mCAB |
||
| 999 |
_c39174 _d39174 |
||